000 00314nam a2200145Ia 4500
003 OSt
005 20240309121229.0
008 170524s9999 xx 000 0 und d
020 _aNIL
040 _cIIMTU MEERUT
100 _aKAPOOR- J. K.
245 0 _aTHOS YANTRIKI
260 _bBHARAT BHARTI
942 _2ddc
_c02
999 _c7715
_d7715